<?xml version="1.0" encoding="UTF-8"?>
<collection xmlns="http://www.loc.gov/MARC21/slim">
  <record>
    <leader>00000nam  2200000   4500</leader>
    <controlfield tag="001">INLIS000000000001703</controlfield>
    <controlfield tag="005">20190308032648</controlfield>
    <datafield tag="035" ind1="#" ind2="#">
      <subfield code="a">0010-0718001703</subfield>
    </datafield>
    <controlfield tag="008">190308################|##########|#|##</controlfield>
    <datafield tag="041" ind1=" " ind2=" ">
      <subfield code="a">id</subfield>
    </datafield>
    <datafield tag="082" ind1="#" ind2="#">
      <subfield code="a">R. 061 PIM I 2016</subfield>
    </datafield>
    <datafield tag="090" ind1=" " ind2=" ">
      <subfield code="a">R. 061 PIM I 2016</subfield>
    </datafield>
    <datafield tag="100" ind1=" " ind2="#">
      <subfield code="a">Suzana, Reni</subfield>
    </datafield>
    <datafield tag="245" ind1="1" ind2="#">
      <subfield code="a">Pembaharuan Sistem Perencanaan Pengembangan Kompetensi Aparatur Sipil Negara /</subfield>
      <subfield code="c">Reni Suzana</subfield>
    </datafield>
    <datafield tag="260" ind1="#" ind2="#">
      <subfield code="a">Jakarta :</subfield>
      <subfield code="b">LAN Jakrta,</subfield>
      <subfield code="c">2016</subfield>
    </datafield>
    <datafield tag="300" ind1="#" ind2="#">
      <subfield code="a">iv, 37 hlm., Ilus, 30 cm</subfield>
    </datafield>
    <datafield tag="500" ind1="#" ind2="#">
      <subfield code="a">Tujuan umum dari pembaharuan sistem perencanaan pengembangan kompetensi ASN adalah untuk memberikan jaminan kepastian arah pengembangan kompetensi bagi setiap ASN di Indonesia yang tertuang dalam Rencana Pengembangan Kompetensi setiap tahun. Inovasi ini akan memberikan nilai-nilai (value) berupa kepastian, akuntabilitas, kemudahan, dan transparasi bagi proses analisis kebutuhan pengembangan kompetensi yang diperlukan oleh setiap instansi pemerintah. Penyiapan pelatihan teknis perencanaan pengembangan kompetensi ASN akan mempermudah setiap instansi dalam menyusun rencana pengembangan kompetensi.</subfield>
    </datafield>
    <datafield tag="650" ind1=" " ind2="#">
      <subfield code="a">Kompetensi Aparatur</subfield>
    </datafield>
    <datafield tag="084" ind1="#" ind2="#">
      <subfield code="a">R. 061 PIM I 2016</subfield>
    </datafield>
  </record>
</collection>
